| 000 | 00679nam a22001337a 4500 | ||
|---|---|---|---|
| 040 | _cRUA | ||
| 082 | _aVEM PEN 2024 B1-330 Or. | ||
| 100 | _aPEN PYREACH,ប៉ែន ភីរាជ្យ | ||
| 245 | _aGASTROINTESTINAL PARASITES OF CHICKEN IN HAN CHEY COMMUNE CHHLONG DISTRICT, KRATIE PROVINCE,បរាសិតក្នុងប្រដាប់រំលាយអាហារមាន់ នៅឃុំហាន់ជ័យ ស្រុកឆ្លូង ខេត្តក្រចេះ | ||
| 260 |
_aphnom penh _brua _c2024 |
||
| 300 |
_aix.38p. _bill. _c29cm. |
||
| 856 | _uhttps://drive.google.com/file/d/10TuzSibfArmV6o2gvhvzwXAVMw--XpYq/view?usp=sharing | ||
| 942 | _cVEM | ||
| 999 |
_c24758 _d24758 |
||